| 000 | 01317cam a2200301 i 4500 | ||
|---|---|---|---|
| 003 | SA-RiAUC | ||
| 005 | 20241212073306.0 | ||
| 008 | 241211s1983 su f g 00000 ara c | ||
| 040 |
_aSA-RiKSU _bara _cSA-RiAUC _erda |
||
| 043 | _ama----- | ||
| 082 | 0 | 4 | _a303.4 |
| 090 |
_a303.4 _bع ز ي |
||
| 100 | 1 |
_aعزي، بهاء الدين بن حسين، _d1354 هجري- _eمؤلف. |
|
| 245 | 1 | 2 |
_aالعالم إلى أين... والعرب إلى أين؟ : _bآثار التكنولوجيا على المستقبل العربي : طرح حل علمي لتحقيق الامتلاك العربي لها / _cبهاء بن حسين عزي. |
| 250 | _aالطبعة الأولى. | ||
| 264 | 1 |
_aجدة، السعودية : _bتهامة، _c1983 |
|
| 300 |
_a153 صفحة : _b7 لوحات ؛ _c21 سم. |
||
| 336 |
_aنص _btxt _2rdacontent _3كتاب |
||
| 337 |
_aبدون وسيط _bn _2rdamedia |
||
| 338 |
_aمجلد _bnc _2rdacarrier |
||
| 440 | 2 |
_aالكتاب العربي السعودي _v102 |
|
| 650 | 7 |
_aالتغير الاجتماعي _2aucsh |
|
| 650 | 7 |
_aالثورة الصناعية _2aucsh |
|
| 650 | 7 |
_aالتكنولوجيا _vمقالات ومحاضرات _2aucsh |
|
| 651 | 7 |
_aالبلاد العربية _xصناعات _2aucsh |
|
| 942 |
_2ddc _cBOOK _n0 |
||
| 949 |
_aSA-JeALM _d241211 _umohamedma123 _n1 |
||
| 999 |
_c3390 _d3390 |
||